| 000 | 00642cam a22002293a 4500 | ||
|---|---|---|---|
| 001 | 7319 | ||
| 003 | PGUSA | ||
| 005 | 20140828083143.0 | ||
| 008 | 050101s2005||||xxu|||||s|||||000 | eng d | ||
| 040 |
_aPGUSA _beng |
||
| 042 | _adc | ||
| 050 | 4 | _aBL | |
| 100 | 1 |
_aHolbach, Paul Henri Thiry, baron d', _d1723-1789 |
|
| 245 | 1 | 0 |
_aGood Sense _h[electronic resource] / _cPaul Henri Thiry, baron d' Holbach |
| 260 |
_bProject Gutenberg, _c2005 |
||
| 506 | _aPublic domain in the USA. | ||
| 516 | _aElectronic text | ||
| 653 | _aAtheism | ||
| 830 | 0 |
_aProject Gutenberg _v7319 |
|
| 856 | 4 | 0 | _uhttp://www.gutenberg.org/ebooks/7319 |
| 942 | _cEB | ||
| 999 |
_c236639 _d236639 |
||